Geometría Moderna : Métodos de la Teoría de Homologías
| Main Authors: | , , |
|---|---|
| Format: | Section = Libro |
| Language: | Undetermined Spanish |
| Published: |
URSS
Mir Moscú
1984
|
| Subjects: |
| LEADER | 00499nam a2200193Ia 4500 | ||
|---|---|---|---|
| 008 | 240830s9999 xx 000 0 und d | ||
| 040 | |a B-ESTELÍ- RUACS / 516.04 D819 | ||
| 041 | |a spa | ||
| 082 | |a 516.04 D819 | ||
| 100 | 1 | |a Dubrovin, B. | |
| 100 | 1 | |b Novikov S. | |
| 100 | 1 | |c Fomenko, A. | |
| 245 | 1 | 0 | |a Geometría Moderna : Métodos de la Teoría de Homologías |
| 260 | |a URSS |b Mir Moscú |c 1984 | ||
| 300 | |a 374 p:il | ||
| 650 | 7 | |a GEOMETRIA | |
| 942 | |c BK |2 ddc | ||
| 991 | |a TEXTO | ||
| 999 | |c 10959 | ||